000 00561cab a2200193 4500
001 WB3044-52
008 090401t1994 xxu||||| |||| 00| 0 eng d
035 _a(Sirsi) u10433
041 _aeng
245 _aLandlords support metrication
260 _c1994
350 _a0
490 _aProperty Week
_v49(8) 24 November 1994, 12(1)
520 _aLandlords have given overwhelming support to the RICS vote to scrap imperial measures in favour of metric,
650 _aMETRICATION
690 _aMAPPING AND MEASUREMENT
942 _n0
948 _c04/03/1997
999 _c6580
_d6580